Komentár k Zákonníku práce

Prekážky z dôvodu všeobecného záujmu, iné úkony vo všeobecnom záujme, výkon služby v ozbrojených silách a civilnej služby - náhrada mzdy, zvyšovanie kvalifikácie. Dôležité osobné prekážky v práci, dočasné prerušenie výkonu práce. Prekážky na strane zamestnávateľa. Komentár k jednotlivým paragrafom.

Enregistré dans:
Détails bibliographiques
Auteur principal: Rybárová, Mária
Autres auteurs: Vojnárová, Anna, Mačuha, Miroslav
Format: Chapitre de livre
Langue:slovaque
Sujets:
Tags: Ajouter un tag
Pas de tags, Soyez le premier à ajouter un tag!

MARC

LEADER 00000naa$a2200000$$$4500
001 0024131
005 20231106070713.2
041 0 |a slo 
044 |a SK 
245 1 0 |a Komentár k Zákonníku práce  |c Mária Rybárová, Anna Vojnarová, Miroslav Mačuha 
520 |a Prekážky z dôvodu všeobecného záujmu, iné úkony vo všeobecnom záujme, výkon služby v ozbrojených silách a civilnej služby - náhrada mzdy, zvyšovanie kvalifikácie. Dôležité osobné prekážky v práci, dočasné prerušenie výkonu práce. Prekážky na strane zamestnávateľa. Komentár k jednotlivým paragrafom. 
610 2 0 |a zákonník práce 
610 2 0 |a prekážky v práci 
610 2 0 |a komentáre 
100 1 |a Rybárová, Mária 
700 1 |a Vojnárová, Anna 
700 1 |a Mačuha, Miroslav